000 00952cam a22002414a 4500
020 _a184407319X (hardback)
020 _a9781844073191
040 _cDLC
082 0 0 _a333 EAR 2006 A070 Co.
245 0 0 _aWater governance for sustainable development /
260 _aLondon ;
_aSterling, VA :
_bEarthscan,
_c2006.
300 _axxiv, 295 p. :
_bill., maps ;
_c24 cm.
500 _a"The idea of the present book originated during the international workshop on Water Resource Management for Local Development: Governance, Institutions and Policies (WRM2004, Loskop Dam, South Africa, 8-11 November 2004)"--Acknowledgements.
650 0 _aSustainable development
650 0 _aWater-supply
650 0 _aWater quality management
650 0 _aWater resources development
700 1 _aPerret, S.
700 1 _aFarolfi, Stefano.
700 1 _aHassan, Rashid M.
856 4 1 _uhttp://www.loc.gov/catdir/toc/ecip065/2005036769.html
942 _cEK
999 _c14705
_d14705